Sports Quiz

Random Sports or NFL Quiz

2010 NFL: Week 12 Touchdowns Quiz Stats

 Plays Quiz not verified by Sporcle

Score 0/77 Timer 10:00
0 Plays Today
Team Player % Correct
LionsCalvin Johnson
100%
TexansAndre Johnson
100%
PatriotsWes Welker
97.2%
PatriotsWes Welker
97.2%
Patriots BenJarvus Green-Ellis
95.3%
PatriotsBenJarvus Green-Ellis
95.3%
BillsFred Jackson
93.4%
DolphinsRicky Williams
93.4%
JetsBrad Smith
92.5%
JetsBrad Smith
92.5%
ChiefsShaun Smith
92.5%
CowboysMarion Barber
91.5%
BrownsPeyton Hillis
91.5%
BrownsPeyton Hillis
91.5%
BrownsPeyton Hillis
91.5%
PatriotsDeion Branch
90.6%
PatriotsDeion Branch
90.6%
SaintsChris Ivory
87.7%
SaintsChris Ivory
87.7%
VikingsAdrian Peterson
87.7%
ChiefsDwayne Bowe
87.7%
ChiefsDwayne Bowe
87.7%
ChiefsDwayne Bowe
87.7%
GiantsKevin Boss
85.8%
RavensDerrick Mason
85.8%
JetsSantonio Holmes
84.9%
GiantsMario Manningham
84.9%
CowboysMiles Austin
84%
FalconsMichael Turner
84%
EaglesBrent Celek
84%
FalconsTony Gonzalez
83%
SteelersRashard Mendenhall
83%
EaglesJeremy Maclin
83%
PackersAaron Rodgers
82.1%
SaintsLance Moore
80.2%
49ersMichael Crabtree
80.2%
DolphinsMarlon Moore
80.2%
ChiefsJamaal Charles
80.2%
RavensTodd Heap
79.2%
Team Player % Correct
BearsJohnny Knox
79.2%
VikingsToby Gerhart
78.3%
49ersBrian Westbrook
78.3%
BearsGreg Olsen
77.4%
BroncosBrandon Lloyd
77.4%
BroncosBrandon Lloyd
77.4%
CowboysTashard Choice
75.5%
JaguarsDavid Garrard
73.6%
ColtsBlair White
73.6%
RaidersJacoby Ford
72.6%
RaidersJaocby Ford
72.6%
BroncosKnowshon Moreno
69.8%
ChargersMike Tolbert
67.9%
ColtsJacob Tamme
66%
LionsMaurice Morris
65.1%
LionsMaurice Morris
65.1%
PanthersMike Goodson
65.1%
BearsEarl Bennett
64.2%
BearsEarl Bennett
64.2%
BengalsJordan Shipley
61.3%
BuccaneersKellen Winslow
60.4%
BroncosEddie Royal
58.5%
JaguarsRashad Jennings
56.6%
RedskinsFred Davis
56.6%
SeahawksEarl Thomas
56.6%
ChiefsTony Moeaki
47.2%
49ersAnthony Dixon
45.3%
TexansJoel Dreessen
38.7%
RamsKenneth Darby
29.2%
SeahawksBen Obomanu
24.5%
PanthersCaptain Munnerlyn
18.9%
RamsBilly Bajema
16%
RamsBilly Bajema
16%
RamsMichael Hoomanawanui
13.2%
ChargersKevin Burnett
12.3%
DolphinsPatrick Cobbs
11.3%
ChargersEric Weddle
5.7%
SeahawksChris Baker
3.8%

You're not logged in!

Compare scores with friends on all Sporcle quizzes.
OR
Log In

Show Comments

Extras

Created Nov 30, 2010ReportNominate
Tags:NFL Quiz, 2010, player, team, touchdown, week

Top Quizzes Today


Score Distribution

Your Account Isn't Verified!

In order to create a playlist on Sporcle, you need to verify the email address you used during registration. Go to your Sporcle Settings to finish the process.

Report this User

Report this user for behavior that violates our Community Guidelines.

Details: